书目信息 |
| 题名: |
电子技术实验与课程设计
|
|
| 作者: | 毕满清 主编 | |
| 分册: | ||
| 出版信息: | 北京 机械工业出版社 2017.6 |
|
| 页数: | 12,359页 | |
| 开本: | 26cm | |
| 丛书名: | ||
| 单 册: | ||
| 中图分类: | TN01-33 | |
| 科图分类: | ||
| 主题词: | 电子技术--实验--高等教育--教材 , 电子技术--课程设计--高等教育--教材 , 电子技术 , 课程设计 | |
| 电子资源: | ||
| ISBN: | 978-7-111-42872-5 | |
| 000 | 01013nam0 2200289 450 | |
| 001 | 0400002226 | |
| 005 | 20171026083124.78 | |
| 010 | @a978-7-111-42872-5@dCNY42.00 | |
| 100 | @a20140429d2017 em y0chiy50 ea | |
| 101 | 0 | @achi |
| 102 | @aCN@b110000 | |
| 105 | @ay z 000yy | |
| 106 | @ar | |
| 200 | 1 | @a电子技术实验与课程设计@9dian zi ji shu shi yan yu ke cheng she ji@f毕满清主编 |
| 205 | @a第4版 | |
| 210 | @a北京@c机械工业出版社@d2017.6 | |
| 215 | @a12,359页@d26cm | |
| 300 | @a普通高等教育“十五”国家级规划教材 | |
| 330 | @a本书共分9章,内容包括:模拟电子技术实验、模拟电子技术EDA实验、数字电子技术实验、数字电子技术EDA实验、电子技术综合性实验、电子技术课程设计基础知识、电子系统设计举例及设计题目等。 | |
| 606 | 0 | @a电子技术@x实验@x高等教育@j教材 |
| 606 | 0 | @a电子技术@x课程设计@x高等教育@j教材 |
| 606 | 0 | @a电子技术 |
| 606 | 0 | @a课程设计 |
| 690 | @aTN01-33@v5 | |
| 701 | 0 | @a毕满清@9bi man qing@f(1962~)@4主编 |
| 801 | 0 | @aCN@bNLC@c20171020 |
| 905 | @b1031780-4@dTN01-33@f5@e142=4 | |
| 电子技术实验与课程设计/毕满清主编.-第4版.-北京:机械工业出版社,2017.6 |
| 12,359页;26cm |
| 普通高等教育“十五”国家级规划教材 |
| ISBN 978-7-111-42872-5:CNY42.00 |
| 本书共分9章,内容包括:模拟电子技术实验、模拟电子技术EDA实验、数字电子技术实验、数字电子技术EDA实验、电子技术综合性实验、电子技术课程设计基础知识、电子系统设计举例及设计题目等。 |
| ● |
| 相关链接 |
|
|
|
|
正题名:电子技术实验与课程设计
索取号:TN01-33/142=4
 
预约/预借
| 序号 | 登录号 | 条形码 | 馆藏地/架位号 | 状态 | 备注 |
| 1 | 1031780 | 210317806 | 第二样本阅览室/ [索取号:TN01-33/142=4] | 在馆 | |
| 2 | 1031781 | 210317815 | 密集书库-物理学院/ [索取号:TN01-33/142=4] | 在馆 | |
| 3 | 1031782 | 210317824 | 第三借阅区/ [索取号:TN01-33/142=4] | 在馆 | |
| 4 | 1031783 | 210317833 | 第三借阅区/ [索取号:TN01-33/142=4] | 在馆 | |
| 5 | 1031784 | 210317842 | 第三借阅区/ [索取号:TN01-33/142=4] | 在馆 |